Floresta tropical (Record no. 74174)

MARC details
000 -LÍDER
campo de controle de tamanho fixo 00354 a2200157 4500
001 - NÚMERO DE CONTROLE
campo de controle 74174
020 ## - ISBN - INTERNATIONAL STANDARD BOOK NUMBER
ISBN - International Standard Book Number 850601541-3
040 ## - FONTE DA CATALOGAÇÃO
Instituição que transcreveu o registro Anchieta - Colégio São Paulo
240 10 - TÍTULO UNIFORME
Título uniforme Floresta tropical
Idioma da obra por
245 10 - TÍTULO
Título Floresta tropical
300 ## - DESCRIÇÃO FÍSICA
Extensão 32
362 0# - DATAS DE PUBLICAÇÃO E/OU DESIGNAÇÃO SEQUENCIAL
Datas de publicação e/ou designação sequencial 1996
440 #1 - DECLARAÇÃO DE SÉRIE/ENTRADA ADICIONADA--TÍTULO
Título Melhoramentos
650 #4 - ASSUNTO--TERMO TÓPICO
Cabeçalho tópico ou nome geográfico Ciência da vida - Biologia
942 ## - ELEMENTOS DE ENTRADA ADICIONADOS (KOHA)
Tipo de material Koha Livros
Holdings
Situação do descarte Situação das perdas Situação física Não pode ser emprestado Biblioteca de origem Biblioteca atual Data de aquisição Total de empréstimos Código de barras Data de último acesso Data do preço efetivo Tipo de material Koha
        Colégio São Paulo Colégio São Paulo 22/11/2023   4677/CSP 22/11/2023 22/11/2023 Livros